Statistics for Peru Presidents

Click here to take the quiz!

General Stats

  • This quiz has been taken 325 times
  • The average score is 29 of 70

Answer Stats

TermPresidents% Correct
1995-2000Alberto Fujimori
98%
1990-1995Alberto Fujimori
98%
2006-2011Alan Garcia
88%
1985-1990Alan Garcia
88%
2001-2006Alejandro Toledo
82%
2011-2016Ollanta Humala
82%
1862-1863Miguel de San Roman
80%
1827-1829Jose la Mar
73%
1822-1823Jose la Mar
73%
1980-1985Fernando Belaunde Terry
72%
1963-1968Fernando Belaunde Terry
72%
1968-1975Juan Velasco Alvarado
72%
2000-2001Valentin Paniagua
66%
1950-1956Manuel A. Odria
63%
1948-1950Manuel A. Odria
63%
1956-1962Manuel Prado y Ugarteche
62%
1939-1945Manuel Prado y Ugarteche
62%
1915-1919Jose Pardo
61%
1904-1908Jose Pardo
61%
1821-1822Jose de San Martin
60%
1975-1980Francisco Morales Bermudez
58%
1872-1876Manuel Pardo
58%
1865-1868Mariano Ignacio Prado
57%
1876-1879Mariano Ignacio Prado
57%
1919-1930Augusto B. Leguia
54%
1908-1912Augusto B. Leguia
54%
1863-1863Ramon Castilla
47%
1845-1851Ramon Castilla
47%
1855-1862Ramon Castilla
47%
1931-1933Luis Miguel Sanchez Cerro
46%
1824-1827Simon Bolivar
43%
1895-1899Nicolas de Pierola
41%
1879-1881Nicolas de Pierola
41%
1933-1939Oscar Benavides
40%
1914-1915Oscar Benavides
40%
1823-1823Jose de la Riva Aguero
39%
1894-1895Andres Avelino Caceres
38%
1881-1882Andres Avelino Caceres
38%
1886-1890Andres Avelino Caceres
38%
1823-1824Jose Bernardo de Tagle
38%
1851-1855Jose Rufino Echenique
34%
1868-1872Jose Balta
33%
1912-1914Guillermo Billinghurst
31%
1945-1948Jose Bustamante y Rivero
31%
1962-1963Ricardo Perez Godoy
31%
1963-1963Nicolas Lindley
29%
1863-1865Juan Antonio Pezet
27%
1895-1895Manuel Candamo
27%
1903-1904Manuel Candamo
27%
1868-1868Pedro Diez Canseco
27%
1836-1838Andres de Santa Cruz
20%
1899-1903Eduardo Lopez
19%
1842-1843Juan Francisco de Vidal
19%
1838-1841Agustin Gamarra
18%
1829-1833Agustin Gamarra
18%
1833-1836Luis Jose de Orbegoso
18%
1930-1930Manuel Maria Ponce
17%
1842-1842Juan Crisostomo
16%
1844-1845Manuel Menendez
15%
1841-1842Manuel Menendez
15%
1904-1904Serapio Calderon
12%
1890-1894Remigio Morales Bermudez
11%
1950-1950Zenón Noriega
9%
1885-1886Antonio Arenas
8%
1872-1872Tomas Gutierrez
6%
1844-1844Domingo Elias
4%
1894-1894Justiniano Borgoño
4%
1843-1844Domingo Nieto
3%
1930-1931Provisional Goverment Junta
2%
1843-1843Justo Figuerola
1%

Score Distribution

Percentile by Number Answered

Percent of People with Each Score

Your Score History

You have not taken this quiz